| 000 | 00834nam a2200253Ia 4500 | ||
|---|---|---|---|
| 003 | OSt | ||
| 005 | 20220926033918.0 | ||
| 006 | a|||||r|||| 00| 0 | ||
| 007 | ta | ||
| 008 | 220923b |||||||| |||| 00| 0 eng d | ||
| 037 | _cGeneral Book | ||
| 040 |
_aRTL _cRTL _beng |
||
| 041 |
_2eng _aeng |
||
| 082 | _aXM5 ; 8.1(X).N7, L3/UN | ||
| 110 |
_aUnited Nations industrial Development Organisatioin _9339739 |
||
| 245 | 0 | _aSystems approach to the introductiion and use of c | |
| 260 |
_aVienna _bUNIDO _c1973 |
||
| 300 |
_avii, 32p _ccm. |
||
| 490 | _aits New Perspective in Management development Monographs | ||
| 650 |
_aCorporate MVPs _9231840 |
||
| 700 |
_aUnited Nations industrial Development Organisatioin _9339740 |
||
| 942 |
_hXM5 ; 8.1(X).N7, L3/UN _cGB _2CC |
||
| 999 |
_c658286 _d658286 |
||